000 00796nam0a22002411 4500
001 rc\90662
005 20250620175457.0
010 _a5-7916-0012-7
_bАналитика-пресс
_96000
035 _a(NLR Aleph) 005357075
090 _a6858425
_c6858425
100 _a20021216d1997 |||y0rusy50 ca
101 0 _arus
102 _aRU
105 _ay |||||||||
200 1 _aРасчет налога на прибыль
_f[Головкин А.Н., Лемеш И.В.]
210 _aМ.
_cАналитика-пресс
_aЕкатеринбург
_cЦентр "Налоги и финансовое право"
_d1997
215 _a27 с.
_d20
701 1 _aГоловкин
_bА.Н.
801 0 _aRU
_bNLR
_gpsbo
801 1 _aRU
_bELAR
_2rusmarc
852 _aNLR
_j97-4/14702
942 _cBOOK
980 _aNB